000 00271nam a2200109Ia 4500
008 190216s9999||||xx |||||||||||||| ||und||
100 _aMadava Panikker
245 0 _aSpace Science Quiz
260 _bKerala Sasthra Sahithya Parishad
650 _aReferences
942 _cREF
999 _c35829
_d35829